[Event "HUN-chT2 Toth 1516"]
[Site "Hungary"]
[Date "2016.04.17"]
[Round "11.3"]
[White "Egyed, Judit"]
[Black "Mike, Peter"]
[Result "0-1"]
[WhiteElo "2071"]
[BlackElo "2132"]
[PlyCount "95"]
[EventDate "2015.09.13"]
[EventType "team-tourn"]
[EventRounds "11"]
[EventCountry "HUN"]
[SourceTitle "EXT 2017"]
[Source "ChessBase"]
[SourceDate "2016.10.25"]
[SourceVersion "1"]
[SourceVersionDate "2016.10.25"]
[SourceQuality "1"]
[WhiteTeam "Karcag"]
[BlackTeam "Maroczy II"]
[WhiteTeamCountry "HUN"]
[BlackTeamCountry "HUN"]

1. e4 c5 2. Nf3 Nc6 3. d4 cxd4 4. Nxd4 Nf6 5. Nc3 e5 6. Ndb5 d6 7. Bg5 a6 8. Na3 b5 9. Bxf6 gxf6 10. Nd5 Bg7 11. Bd3 Ne7 12. Qf3 Nxd5 13. exd5 Qd7 14. c4 0-0 15. 0-0 f5 16. Qg3 f4 17. Qh4 f5 18. Rab1 b4 19. Nc2 Bf6 20. Qh6 a5 21. Be2 Qe7 22. g3 Bg5 23. Qh5 Bd7 24. h4 Bf6 25. Kh2 Kh8 26. Ne1 e4 27. gxf4 Bxh4 28. Ng2 Bf6 29. Ne3 Bg7 30. Rh1 Be8 31. Qh3 Rf6 32. Nxf5 Qf8 33. Kg2 Bg6 34. Nh4 Qf7 35. f5 Rxf5 36. Nxf5 Bxf5 37. Qh5 Bg6 38. Qh4 Rf8 39. Bg4 Bd4 40. Rhf1 Qf4 41. Qg3 Qd2 42. Rbe1 Qxb2 43. Re2 Qc3 44. Qxd6 Rg8 45. Kh1 Bf5 46. f3 Bxg4 47. Rg2 Bxf3 48. Rxf3 0-1

[Event "HUN-chT2 Maroczy 1516"]
[Site "Hungary"]
[Date "2016.03.20"]
[Round "7.9"]
[White "Mozes, Ervin"]
[Black "Mike, Peter"]
[Result "1/2-1/2"]
[WhiteElo "2199"]
[BlackElo "2134"]
[PlyCount "41"]
[EventDate "2015.10.18"]
[EventType "team-tourn"]
[EventRounds "9"]
[EventCountry "HUN"]
[SourceTitle "EXT 2017"]
[Source "ChessBase"]
[SourceDate "2016.10.25"]
[SourceVersion "1"]
[SourceVersionDate "2016.10.25"]
[SourceQuality "1"]
[WhiteTeam "DVTK EMSE"]
[BlackTeam "Maroczy"]
[WhiteTeamCountry "HUN"]
[BlackTeamCountry "HUN"]

1. g3 Nf6 2. Bg2 g6 3. e4 d6 4. Ne2 Bg7 5. 0-0 0-0 6. d4 c6 7. h3 e5 8. c3 Qc7 9. Be3 Na6 10. Nd2 Ne8 11. a3 f5 12. exf5 Bxf5 13. dxe5 dxe5 14. Ne4 Nf6 15. Nxf6+ Bxf6 16. Qb3+ Kh8 17. Rad1 Qe7 18. Rd2 Be6 19. Qc2 Bf5 20. Qa4 Bg5 21. Bxg5 1/2-1/2

[Event "HUN-chT2 Maroczy 1314"]
[Site "Hungary"]
[Date "2014.03.02"]
[Round "8"]
[White "Pesztericz, Laszlo"]
[Black "Mike, Peter"]
[Result "0-1"]
[WhiteElo "2094"]
[BlackElo "2085"]
[PlyCount "78"]
[EventDate "2013.09.08"]
[EventType "team-tourn"]
[EventRounds "11"]
[EventCountry "HUN"]
[SourceTitle "EXT 2016"]
[Source "ChessBase"]
[SourceDate "2015.10.08"]
[SourceVersion "1"]
[SourceVersionDate "2015.10.08"]
[SourceQuality "1"]
[WhiteTeam "Budapest Vasas"]
[BlackTeam "Szeged Maroczy"]
[WhiteTeamCountry "HUN"]
[BlackTeamCountry "HUN"]

1. e4 c5 2. Nc3 Nc6 3. g3 g6 4. Bg2 Bg7 5. d3 e6 6. Be3 d6 7. Qd2 Nge7 8. Nge2 Nd4 9. 0-0 0-0 10. Rae1 Rb8 11. Nd1 b5 12. c3 Nxe2+ 13. Rxe2 b4 14. f4 Qa5 15. g4 f5 16. gxf5 exf5 17. Rfe1 Ba6 18. cxb4 Qxb4 19. Nc3 Qxb2 20. e5 Qa3 21. Nd5 Nxd5 22. Bxd5+ Kh8 23. exd6 Bxd3 24. Bf2 Bxe2 25. Qxe2 Rb2 26. Qe7 Qd3 27. Bc6 Rb6 28. Qc7 Qa6 29. Bg2 Rxd6 30. Qxc5 Rfd8 31. Bf3 Qxa2 32. Qb4 Qg8 33. Bc5 Bd4+ 34. Bxd4+ Rxd4 35. Qc5 R4d7 36. Bc6 Rd1 37. Qa5 Qc4 38. Rxd1 Rxd1+ 39. Kg2 Qe2+ 0-1

[Event "HUN-chT2 Maroczy 1213"]
[Site "Hungary"]
[Date "2013.04.21"]
[Round "11"]
[White "Olah, Gabor Mihaly"]
[Black "Mike, Peter"]
[Result "1/2-1/2"]
[WhiteElo "2017"]
[BlackElo "2052"]
[PlyCount "23"]
[EventDate "2012.09.16"]
[EventType "team-tourn"]
[EventRounds "11"]
[EventCountry "HUN"]
[SourceTitle "EXT 2014"]
[Source "ChessBase"]
[SourceDate "2013.11.20"]
[SourceVersion "1"]
[SourceVersionDate "2013.11.20"]
[SourceQuality "1"]
[WhiteTeam "Oroshaza"]
[BlackTeam "Maroczy"]
[WhiteTeamCountry "HUN"]
[BlackTeamCountry "HUN"]

1. d4 Nf6 2. c4 g6 3. Nc3 d6 4. e4 Bg7 5. f3 0-0 6. Be3 e5 7. d5 a5 8. Qd2 Re8 9. Bd3 Na6 10. a3 Nc5 11. Bc2 b6 12. Nge2 1/2-1/2

[Event "HUN-chT2 Toth 1213"]
[Site "Hungary"]
[Date "2013.03.24"]
[Round "9.3"]
[White "Molnar, Laszlo"]
[Black "Mike, Peter"]
[Result "1-0"]
[WhiteElo "2198"]
[BlackElo "2052"]
[PlyCount "115"]
[EventDate "2012.09.16"]
[EventType "team-tourn"]
[EventRounds "11"]
[EventCountry "HUN"]
[SourceTitle "EXT 2014"]
[Source "ChessBase"]
[SourceDate "2013.11.20"]
[SourceVersion "1"]
[SourceVersionDate "2013.11.20"]
[SourceQuality "1"]
[WhiteTeam "Ujszasz"]
[BlackTeam "Maroczy II"]
[WhiteTeamCountry "HUN"]
[BlackTeamCountry "HUN"]

1. Nf3 Nf6 2. c4 g6 3. g3 Bg7 4. Bg2 d6 5. Nc3 0-0 6. 0-0 c6 7. d4 Nbd7 8. e4 Rb8 9. Qe2 e5 10. Rd1 Qa5 11. Rb1 Re8 12. d5 cxd5 13. cxd5 a6 14. h3 b5 15. b4 Qd8 16. Be3 Nb6 17. Nd2 Nfd7 18. Qd3 Rf8 19. g4 Kh8 20. Ne2 f5 21. f3 f4 22. Bf2 h5 23. Rbc1 Nf6 24. g5 Nh7 25. h4 Bd7 26. Qa3 Nxg5 27. hxg5 Qxg5 28. Kh2 Nc4 29. Nxc4 bxc4 30. Nc3 Qf6 31. Rh1 g5 32. Kg1 Qg6 33. Kf1 Kg8 34. Ke2 Rb7 35. Rb1 g4 36. Qxa6 Bc8 37. Qxc4 Bd7 38. a4 Rc8 39. Qd3 Rbc7 40. Be1 Rc4 41. Kf1 Bf6 42. Rb3 h4 43. fxg4 f3 44. Bxf3 Bg5 45. Qe2 Rf8 46. Kg2 Rcc8 47. Bxh4 Rf4 48. Bxg5 Qxg5 49. Rh5 Qg6 50. Rf5 Bxf5 51. exf5 Qh6 52. Ne4 Rc1 53. Nf2 Rcc4 54. b5 Rxa4 55. b6 Rab4 56. Qc2 Rfc4 57. Qxc4 Rxc4 58. b7 1-0

[Event "HUN-chT2 Toth 1112"]
[Site "Hungary"]
[Date "2012.01.29"]
[Round "5.4"]
[White "Lovas, Daniel"]
[Black "Mike, Peter"]
[Result "0-1"]
[WhiteElo "2141"]
[BlackElo "2025"]
[PlyCount "64"]
[EventDate "2011.09.25"]
[EventType "team-tourn"]
[EventRounds "11"]
[EventCountry "HUN"]
[SourceTitle "EXT 2013"]
[Source "ChessBase"]
[SourceDate "2012.11.22"]
[SourceVersion "1"]
[SourceVersionDate "2012.11.22"]
[SourceQuality "1"]
[WhiteTeam "Takisz"]
[BlackTeam "Maroczy II"]
[WhiteTeamCountry "HUN"]
[BlackTeamCountry "HUN"]

1. e4 c5 2. c4 Nc6 3. g3 g6 4. Bg2 Bg7 5. Ne2 d6 6. h3 e6 7. 0-0 Nge7 8. d3 Nd4 9. Nbc3 Ndc6 10. Rb1 0-0 11. Kh1 Rb8 12. f4 f5 13. d4 Nxd4 14. Be3 Bd7 15. Bxd4 cxd4 16. Nb5 Qb6 17. Qb3 a6 18. Na3 Qa5 19. Qd1 e5 20. Qc1 exf4 21. b4 Qd8 22. c5 fxg3 23. Qc4+ Kh8 24. exf5 Bxf5 25. Rf4 dxc5 26. bxc5 Qd7 27. c6 bxc6 28. Rbf1 Bxh3 29. Rxf8+ Rxf8 30. Rxf8+ Bxf8 31. Bxc6 Qg4 32. Qa4 Qf5 0-1

[Event "HUN-chT2 Maroczy 1011"]
[Site "Hungary"]
[Date "2010.11.07"]
[Round "5"]
[White "Debreceni, Mate"]
[Black "Mike, Peter"]
[Result "0-1"]
[WhiteElo "1875"]
[BlackElo "2045"]
[PlyCount "58"]
[EventDate "2010.09.12"]
[EventType "team-tourn"]
[EventRounds "11"]
[EventCountry "HUN"]
[SourceTitle "EXT 2012"]
[Source "ChessBase"]
[SourceDate "2011.11.24"]
[SourceVersion "1"]
[SourceVersionDate "2011.11.24"]
[SourceQuality "1"]
[WhiteTeam "Debrecen SBE"]
[BlackTeam "Maroczy"]
[WhiteTeamCountry "HUN"]
[BlackTeamCountry "HUN"]

1. e4 c5 2. Nf3 Nc6 3. d4 cxd4 4. Nxd4 Nf6 5. Nc3 e5 6. Ndb5 d6 7. Nd5 Nxd5 8. exd5 Nb8 9. c4 Na6 10. Be3 Bf5 11. a3 Be7 12. Nxa7 0-0 13. Be2 Bg5 14. Qd2 Bxe3 15. Qxe3 Qa5+ 16. Kf1 Nb4 17. Qg5 Bd7 18. Qe7 Rfd8 19. Nb5 Bxb5 20. cxb5 Nxd5 21. Qxb7 Nf4 22. b4 Qxb4 23. g3 Qb2 24. Re1 Ne6 25. Kg2 d5 26. Bg4 Rab8 27. Rb1 Qd4 28. Qa6 Qxg4 29. Rhc1 Nf4+ 0-1

[Event "HUN-ch U16"]
[Site "Budapest"]
[Date "2010.07.04"]
[Round "9"]
[White "Zilahi, Tamas"]
[Black "Mike, Peter"]
[Result "0-1"]
[WhiteElo "1872"]
[BlackElo "2025"]
[PlyCount "80"]
[EventDate "2010.06.26"]
[EventType "swiss"]
[EventRounds "9"]
[EventCountry "HUN"]
[SourceTitle "CBM 137 Extra"]
[Source "ChessBase"]
[SourceDate "2010.09.01"]
[SourceVersion "1"]
[SourceVersionDate "2010.09.01"]
[SourceQuality "1"]

1. e4 c5 2. Nf3 Nc6 3. d4 cxd4 4. Nxd4 Nf6 5. Nc3 e5 6. Ndb5 d6 7. Bg5 a6 8. Na3 b5 9. Nd5 Be7 10. Bxf6 Bxf6 11. c4 b4 12. Nc2 a5 13. Bd3 Bg5 14. 0-0 0-0 15. b3 Be6 16. a3 bxa3 17. Nxa3 Bxd5 18. cxd5 Nd4 19. Nc4 Qc7 20. Ra4 Rfb8 21. Bc2 Qc5 22. Qd3 Rb7 23. Rfa1 Bd8 24. Bd1 g6 25. Kh1 Rb4 26. f4 f6 27. fxe5 fxe5 28. Qh3 Ra7 29. Qd3 Rf7 30. h3 Qb5 31. Kh2 Qc5 32. Nxa5 Rxa4 33. Rxa4 Bxa5 34. Qa6 Bd2 35. Qa8+ Kg7 36. Rc4 Qb6 37. Rc8 Kh6 38. Rg8 Bf4+ 39. g3 Bxg3+ 40. Kxg3 Ne2+ 0-1

[Event "HUN-ch U16"]
[Site "Budapest"]
[Date "2010.06.29"]
[Round "4"]
[White "Mike, Peter"]
[Black "Makk, Norbert"]
[Result "1-0"]
[WhiteElo "2025"]
[BlackElo "1896"]
[PlyCount "32"]
[EventDate "2010.06.26"]
[EventType "swiss"]
[EventRounds "9"]
[EventCountry "HUN"]
[SourceTitle "CBM 137 Extra"]
[Source "ChessBase"]
[SourceDate "2010.09.01"]
[SourceVersion "1"]
[SourceVersionDate "2010.09.01"]
[SourceQuality "1"]

1. h4 d5 2. d4 h5 3. c4 c6 4. Nc3 Nf6 5. Nf3 e6 6. c5 Nbd7 7. Bf4 Be7 8. e3 Ng4 9. e4 e5 10. Bxe5 Ndxe5 11. Nxe5 Nxe5 12. dxe5 Bxc5 13. exd5 cxd5 14. Bb5+ Bd7 15. Qxd5 Bxb5 16. Qxc5 Bc6 1-0

[Event "HUN-ch U16"]
[Site "Budapest"]
[Date "2010.06.26"]
[Round "1"]
[White "Haszon, Abel"]
[Black "Mike, Peter"]
[Result "0-1"]
[WhiteElo "1743"]
[BlackElo "2025"]
[PlyCount "64"]
[EventDate "2010.06.26"]
[EventType "swiss"]
[EventRounds "9"]
[EventCountry "HUN"]
[SourceTitle "CBM 137 Extra"]
[Source "ChessBase"]
[SourceDate "2010.09.01"]
[SourceVersion "1"]
[SourceVersionDate "2010.09.01"]
[SourceQuality "1"]

1. e4 c5 2. Nf3 Nc6 3. d4 cxd4 4. Nxd4 Nf6 5. Nc3 e5 6. Ndb5 d6 7. Bg5 a6 8. Na3 b5 9. Bxf6 gxf6 10. Nd5 f5 11. g3 Bg7 12. Bg2 0-0 13. Qh5 fxe4 14. Bxe4 f5 15. Bg2 e4 16. c3 b4 17. Nc4 bxc3 18. bxc3 Be6 19. Nce3 Qa5 20. Rd1 Bxc3+ 21. Nxc3 Qxc3+ 22. Rd2 Ne5 23. Qh6 Bxa2 24. Qg5+ Kh8 25. Nxf5 Qc1+ 26. Ke2 Bc4+ 27. Ke3 Qc3+ 28. Kxe4 d5+ 29. Rxd5 Bxd5+ 30. Kxd5 Rad8+ 31. Ke4 Ng6 32. Ne3 Qd3# 0-1

[Event "HUN-chT2 Toth 0910"]
[Site "Hungary"]
[Date "2010.05.02"]
[Round "11.5"]
[White "Mike, Peter"]
[Black "Egri, Laszlo"]
[Result "1-0"]
[WhiteElo "2194"]
[BlackElo "2032"]
[PlyCount "71"]
[EventDate "2009.11.08"]
[EventType "team-tourn"]
[EventRounds "11"]
[EventCountry "HUN"]
[SourceTitle "EXT 2011"]
[Source "ChessBase"]
[SourceDate "2010.11.26"]
[SourceVersion "1"]
[SourceVersionDate "2010.11.26"]
[SourceQuality "1"]
[WhiteTeam "Maroczy II"]
[BlackTeam "Kisujszallas"]
[WhiteTeamCountry "HUN"]
[BlackTeamCountry "HUN"]

1. e4 e5 2. Nf3 Nc6 3. c3 Nf6 4. d4 Nxe4 5. d5 Nb8 6. Bd3 Nc5 7. Nxe5 Nxd3+ 8. Nxd3 Be7 9. 0-0 0-0 10. Bf4 d6 11. Qf3 Nd7 12. Nd2 Nf6 13. h3 Bf5 14. Rae1 Qd7 15. Bg5 Rae8 16. g4 Bxd3 17. Qxd3 Nxd5 18. Qxd5 c6 19. Rxe7 Rxe7 20. Qf3 f6 21. Bf4 d5 22. Nb3 b6 23. Nd4 Rfe8 24. Rd1 Re1+ 25. Rxe1 Rxe1+ 26. Kg2 Re4 27. Nf5 Re6 28. Be3 Re4 29. Ng3 Re8 30. Qf4 Qe6 31. Qc7 Re7 32. Qb8+ Re8 33. Qxa7 c5 34. Nf5 Qf7 35. Qxf7+ Kxf7 36. Nd6+ 1-0

[Event "HUN-ch U16"]
[Site "Balatonlelle"]
[Date "2009.07.04"]
[Round "8"]
[White "Mike, Peter"]
[Black "Szlovak, Gabor"]
[Result "1-0"]
[WhiteElo "1949"]
[BlackElo "1698"]
[PlyCount "109"]
[EventDate "2009.06.27"]
[EventType "swiss"]
[EventRounds "9"]
[EventCountry "HUN"]
[SourceTitle "EXT 2011"]
[Source "ChessBase"]
[SourceDate "2010.11.26"]
[SourceVersion "1"]
[SourceVersionDate "2010.11.26"]
[SourceQuality "1"]

1. e4 d6 2. d4 Nf6 3. Nc3 Nbd7 4. Be3 e5 5. d5 Be7 6. f3 c6 7. Qd2 Nb6 8. a4 cxd5 9. exd5 Bf5 10. a5 Nbd7 11. Bd3 Bxd3 12. Qxd3 Nc5 13. Bxc5 dxc5 14. a6 b6 15. Nb5 Bd6 16. Ne2 Qe7 17. Ng3 g6 18. Ne4 Nxe4 19. fxe4 Rc8 20. c4 0-0 21. 0-0 Rfd8 22. Rf2 Rd7 23. Raf1 Rf8 24. Rf6 Kg7 25. Qf3 h6 26. g4 Rdd8 27. h4 Rd7 28. Kg2 Rdd8 29. Kg1 Rd7 30. h5 g5 31. Nc3 Bc7 32. Rc6 Rd6 33. Rxd6 Bxd6 34. Ne2 f6 35. Ng3 Kh8 36. Nf5 Qd7 37. Nxd6 Qxd6 38. Qf5 Kg7 39. Qg6+ Kh8 40. Qxh6+ Kg8 41. Qg6+ Kh8 42. h6 Qe7 43. Kg2 Rf7 44. Rd1 Qd7 45. Kg3 Rf8 46. d6 Qh7 47. Qf5 Qxf5 48. exf5 Kh7 49. Kf3 Kxh6 50. Ke4 Kg7 51. Kd5 Kf7 52. Kc6 Rd8 53. Kc7 Ke8 54. d7+ Ke7 55. Rd6 1-0

[Event "HUN-ch U16"]
[Site "Balatonlelle"]
[Date "2009.06.27"]
[Round "1"]
[White "Butkay, Gabor"]
[Black "Mike, Peter"]
[Result "0-1"]
[WhiteElo "1679"]
[BlackElo "1949"]
[PlyCount "70"]
[EventDate "2009.06.27"]
[EventType "swiss"]
[EventRounds "9"]
[EventCountry "HUN"]
[SourceTitle "EXT 2011"]
[Source "ChessBase"]
[SourceDate "2010.11.26"]
[SourceVersion "1"]
[SourceVersionDate "2010.11.26"]
[SourceQuality "1"]

1. d4 Nf6 2. c4 g6 3. Nc3 Bg7 4. e4 d6 5. Nf3 0-0 6. Be2 Nbd7 7. 0-0 e5 8. Be3 Ng4 9. Bg5 f6 10. Bh4 Nh6 11. Qd2 Nf7 12. Rfd1 h5 13. Bg3 c6 14. d5 c5 15. a3 Bh6 16. Qc2 Kh7 17. b4 Rg8 18. Ne1 Nf8 19. Nd3 cxb4 20. axb4 f5 21. f3 f4 22. Bf2 g5 23. c5 g4 24. cxd6 g3 25. hxg3 fxg3 26. Bxa7 Rxa7 27. Kf1 Rxa1 28. Rxa1 Qf6 29. Nb5 Bd7 30. Nc5 Bxb5 31. Bxb5 Nxd6 32. Be2 h4 33. Rd1 h3 34. gxh3 g2+ 35. Kf2 Qh4+ 0-1

[Event "HUN-chT U18"]
[Site "Miskolc"]
[Date "2008.10.28"]
[Round "2.13"]
[White "Mike, Peter"]
[Black "Petenyi, Tamas"]
[Result "0-1"]
[WhiteElo "1986"]
[BlackElo "2251"]
[PlyCount "86"]
[EventDate "2008.10.27"]
[EventType "team-swiss"]
[EventRounds "8"]
[EventCountry "HUN"]
[SourceTitle "EXT 2016"]
[Source "ChessBase"]
[SourceDate "2015.10.08"]
[SourceVersion "1"]
[SourceVersionDate "2015.10.08"]
[SourceQuality "1"]

1. e4 e5 2. Nf3 Nc6 3. Bb5 a6 4. Ba4 Nf6 5. 0-0 Be7 6. Re1 b5 7. Bb3 d6 8. c3 0-0 9. h3 Bb7 10. d4 h6 11. Nbd2 Re8 12. d5 Nb8 13. Nf1 Nbd7 14. Ng3 c6 15. Nf5 cxd5 16. Bxh6 Bf8 17. Bxg7 Bxg7 18. Nxd6 Qb6 19. Nxe8 Rxe8 20. exd5 e4 21. Nd4 Nc5 22. Re3 Nxb3 23. axb3 Nxd5 24. Rg3 Qf6 25. Qg4 Bc8 26. Qg5 Qxg5 27. Rxg5 Ne7 28. Re1 Bb7 29. Re3 Ng6 30. Nf5 Re5 31. Reg3 Bf6 32. Rh5 Bc8 33. Nh6+ Kg7 34. Rxe5 Bxe5 35. Re3 Kxh6 36. Rxe4 Bf5 37. Re2 Be6 38. b4 Bc7 39. Re1 Nf4 40. Ra1 Bc8 41. b3 Ne2+ 42. Kf1 Nxc3 43. Rc1 Nd5 0-1